000
00345nam a2200133Ia 4500
008
230411s9999 xx 000 0 und d
041
_a
eng
082
_a
P/610.7362/HOC/B03489
100
_a
Hockenberry M
245
_a
Wongs Essentials of Pediatric Nursing
260
_b
Mosby
_a
St Louis
_c
2005
300
_a
1307p
999
_c
154352
_d
154352